The Fatimid theory of state / (Record no. 33012)
[ view plain ]
| 000 -LEADER | |
|---|---|
| fixed length control field | 00882nam a22002892 4500 |
| 001 - CONTROL NUMBER | |
| control field | 33012 |
| 003 - CONTROL NUMBER IDENTIFIER | |
| rucl marc code | UkOxU |
| 005 - DATE AND TIME OF LATEST TRANSACTION | |
| control field | 20211209051931.0 |
| 008 - FIXED-LENGTH DATA ELEMENTS--GENERAL INFORMATION | |
| fixed length control field | 140429s1957 pk 000 0 eng c |
| 035 ## - SYSTEM CONTROL NUMBER | |
| System control number | OCLC ocm01132935 from D970219M |
| 040 ## - CATALOGING SOURCE | |
| Original cataloging agency | IYU |
| Transcribing agency | IYU |
| Modifying agency | EQO |
| Language of cataloging | eng |
| 041 ## - LANGUAGE CODE | |
| Language code of text/sound track or separate title | eng |
| 082 ## - DEWEY DECIMAL CLASSIFICATION NUMBER | |
| Classification number | 297.822 |
| Author mark and year | VAF 1957 |
| 100 1# - MAIN ENTRY--PERSONAL NAME | |
| Personal name | Vatikiotis, P. J. |
| Fuller form of name | (Panayiotis J.), |
| Dates associated with a name | 1928- |
| 9 (RLIN) | 85081 |
| 245 14 - TITLE STATEMENT | |
| Title | The Fatimid theory of state / |
| Statement of responsibility, etc. | by Panayiotis J. Vatikiotis. Foreword by Majid Khadduri. |
| 250 ## - EDITION STATEMENT | |
| Edition statement | 1st ed. |
| 260 ## - PUBLICATION, DISTRIBUTION, ETC. (IMPRINT) | |
| Place of publication, distribution, etc. | Lahore : |
| Name of publisher, distributor, etc. | Orientalia Publishers, |
| Date of publication, distribution, etc. | 1957 |
| 300 ## - PHYSICAL DESCRIPTION | |
| Pagination | xi, 223 p. : |
| Size | 21 cm. |
| 502 ## - DISSERTATION NOTE | |
| Dissertation note | Thesis--Johns Hopkins University. |
| 504 ## - BIBLIOGRAPHY, ETC. NOTE | |
| Bibliography, etc | Bibliography: p. [211]-219. |
| 650 #0 - SUBJECT ADDED ENTRY--TOPICAL TERM | |
| Topical term or geographic name as entry element | Fatimites. |
| 9 (RLIN) | 83077 |
| Topical term or geographic name as entry element | Ismailites. |
| 9 (RLIN) | 100330 |
| Topical term or geographic name as entry element | Islam and state |
| Geographic subdivision | Egypt. |
| 9 (RLIN) | 100331 |
| 942 ## - ADDED ENTRY ELEMENTS (KOHA) | |
| Source of classification or shelving scheme | Dewey Decimal Classification |
| Koha item type | Books |
| Lost status | Source of classification or shelving scheme | Damaged status | Not for loan | Collection code | Permanent Location | Current Location | Shelving location | Date acquired | Source of acquisition | Cost, normal purchase price | Total Checkouts | Full call number | Date last seen | Copy number | Koha item type |
|---|---|---|---|---|---|---|---|---|---|---|---|---|---|---|---|
| Dewey Decimal Classification | Non-fiction | Central Library, University of Rajshahi | Central Library, University of Rajshahi | 18/02/1967 | S.M. Miraza | 7.50 | 297.822 VAF 1957 | 29/04/2014 | C-4 | Books | |||||
| Dewey Decimal Classification | Non-fiction | Central Library, University of Rajshahi | Central Library, University of Rajshahi | 18/02/1967 | S.M. Miraza | 7.50 | 297.822 VAF 1957 | 29/04/2014 | C-3 | Books | |||||
| Dewey Decimal Classification | Non-fiction | Central Library, University of Rajshahi | Central Library, University of Rajshahi | 10/02/1967 | S.M. Miraza | 7.50 | 297.822 VAF 1957 | 29/04/2014 | C-2 | Books | |||||
| Dewey Decimal Classification | Not For Loan | Non-fiction | Central Library, University of Rajshahi | Central Library, University of Rajshahi | Reading Room | 10/03/1967 | S.M. Miraza | 7.50 | 297.822 VAF 1957 | 29/04/2014 | C-1 | Books | |||
| Dewey Decimal Classification | Non-fiction | Central Library, University of Rajshahi | Central Library, University of Rajshahi | 18/02/1967 | S.M. Miraza | 7.50 | 297.822 VAF 1957 | 29/04/2014 | C-5 | Books |